[Event "Budapest FS08 IM-B"]
[Site "Budapest"]
[Date "2001.08.12"]
[Round "9"]
[White "Hoenig, Alexander"]
[Black "Jamrich, Gyorgy"]
[Result "0-1"]
[WhiteElo "2263"]
[BlackElo "2246"]
[PlyCount "112"]
[EventDate "2001.08.04"]
[EventType "tourn"]
[EventRounds "11"]
[EventCountry "HUN"]
[EventCategory "1"]
[SourceTitle "CBM 083 Extra"]
[Source "ChessBase"]
[SourceDate "2001.09.11"]
[SourceVersion "1"]
[SourceVersionDate "2001.09.11"]
[SourceQuality "1"]

1. d4 e6 2. Nf3 f5 3. c3 Nf6 4. Bg5 Be7 5. Nbd2 d5 6. Ne5 0-0 7. g3 c5 8. e3 Nc6 9. Ndf3 Bd7 10. Be2 Be8 11. 0-0 Bh5 12. c4 h6 13. Bxf6 Bxf6 14. Nxc6 bxc6 15. dxc5 Bxb2 16. Rb1 Bf6 17. Nd4 Bxe2 18. Qxe2 Qd7 19. cxd5 exd5 20. Nb3 a5 21. a4 Bc3 22. Qc2 Bb4 23. Nc1 Rae8 24. Nd3 Re4 25. Nxb4 axb4 26. Qd2 Rb8 27. f3 Rc4 28. Rfc1 Rxc1+ 29. Qxc1 Qa7 30. Qc2 Qa5 31. Kf2 Ra8 32. Ra1 b3 33. Qxb3 Qxc5 34. Qd3 Qb4 35. Rb1 Qxa4 36. Qxf5 Qa2+ 37. Kg1 Qe2 38. e4 d4 39. Qe6+ Kh8 40. Qxc6 Rf8 41. f4 d3 42. Qd6 Qe3+ 43. Kh1 Rc8 44. Rb8 Qe2 45. Kg1 Qe1+ 46. Kg2 Qxe4+ 47. Kh3 Rxb8 48. Qxb8+ Kh7 49. Qb1 h5 50. Qb5 d2 51. Qxh5+ Kg8 52. Qd1 Qe1 53. Qb3+ Kh8 54. Qb8+ Kh7 55. Qf8 d1Q 56. Qf5+ Kg8 0-1

[Event "Budapest FS08 IM-B"]
[Site "Budapest"]
[Date "2001.08.10"]
[Round "7"]
[White "Balogh, Viktor"]
[Black "Hoenig, Alexander"]
[Result "1-0"]
[WhiteElo "2234"]
[BlackElo "2263"]
[PlyCount "103"]
[EventDate "2001.08.04"]
[EventType "tourn"]
[EventRounds "11"]
[EventCountry "HUN"]
[EventCategory "1"]
[SourceTitle "CBM 083 Extra"]
[Source "ChessBase"]
[SourceDate "2001.09.11"]
[SourceVersion "1"]
[SourceVersionDate "2001.09.11"]
[SourceQuality "1"]

1. e4 c6 2. d4 d5 3. Nc3 dxe4 4. Nxe4 Nf6 5. Nxf6+ gxf6 6. g3 Qd5 7. Nf3 Bf5 8. c4 Qe4+ 9. Be3 Bh6 10. Qe2 Bxe3 11. fxe3 Na6 12. a3 e6 13. Bg2 Qd3 14. Nh4 Qxe2+ 15. Kxe2 Bg4+ 16. Kd2 f5 17. b4 Nc7 18. a4 Kd7 19. Rhf1 Bh5 20. e4 fxe4 21. Bxe4 f5 22. Bh1 Rad8 23. Kc3 a6 24. a5 Rhf8 25. Rae1 Rf6 26. Ng2 Bf7 27. Nf4 Rh6 28. Rf2 Ne8 29. Nd3 Nf6 30. Nc5+ Kc7 31. Bf3 Nd7 32. Nd3 Re8 33. Ne5 Nxe5 34. Rxe5 Rh3 35. b5 Bh5 36. bxc6 Bxf3 37. Rxf3 bxc6 38. Rfxf5 exf5 39. Rxe8 Rxh2 40. Kb4 Kd7 41. Rf8 Rh5 42. Rf6 Rg5 43. Rh6 Rxg3 44. Rxh7+ Kd6 45. Rh6+ Kd7 46. Kc5 Ra3 47. Rh7+ Ke6 48. Kxc6 Rxa5 49. d5+ Ke5 50. d6 Ra1 51. Re7+ Kf4 52. Re8 1-0

[Event "Budapest FS08 IM-B"]
[Site "Budapest"]
[Date "2001.08.06"]
[Round "3"]
[White "Resika, Nathan A"]
[Black "Hoenig, Alexander"]
[Result "1-0"]
[WhiteElo "2203"]
[BlackElo "2263"]
[PlyCount "173"]
[EventDate "2001.08.04"]
[EventType "tourn"]
[EventRounds "11"]
[EventCountry "HUN"]
[EventCategory "1"]
[SourceTitle "CBM 083 Extra"]
[Source "ChessBase"]
[SourceDate "2001.09.11"]
[SourceVersion "1"]
[SourceVersionDate "2001.09.11"]
[SourceQuality "1"]

1. e4 c6 2. d4 d5 3. Nc3 g6 4. h3 Nf6 5. e5 Nfd7 6. Nf3 e6 7. Be2 a6 8. 0-0 c5 9. dxc5 Nc6 10. Bg5 Qc7 11. Qd2 Bg7 12. Bh6 0-0 13. Bxg7 Kxg7 14. Rae1 Ndxe5 15. Nxe5 Nxe5 16. b4 Nc6 17. f4 f5 18. Kh1 Kh8 19. Na4 Bd7 20. Nb6 Rad8 21. Bd3 Rfe8 22. Qc3+ d4 23. Qb2 e5 24. fxe5 Rxe5 25. Rxe5 Qxe5 26. Nc4 Qg7 27. Nd6 Be6 28. a3 Bd5 29. Qc1 Rd7 30. Re1 Re7 31. Nc8 Rxe1+ 32. Qxe1 Qe5 33. Qh4 Kg7 34. Nd6 Qe7 35. Qg3 Kf8 36. Bc4 Be4 37. Bd3 Bd5 38. Bc4 Be4 39. Bd3 Bxd3 40. cxd3 Nd8 41. Nc4 Nc6 42. Nd6 Nd8 43. Nc4 g5 44. Qd6 Nc6 45. Kg1 f4 46. Kf2 Ke8 47. Qxe7+ Kxe7 48. Nd6 Ne5 49. Ke2 h5 50. Nxb7 g4 51. hxg4 hxg4 52. Nd6 Ke6 53. Ne4 Kd5 54. Ng5 a5 55. bxa5 f3+ 56. gxf3 gxf3+ 57. Nxf3 Nc6 58. a6 Kxc5 59. Ne5 Na7 60. Kf3 Kb6 61. Ke4 Kxa6 62. Nc4 Kb5 63. Kxd4 Nc6+ 64. Kd5 Ne7+ 65. Ke6 Nc6 66. Kd6 Nd4 67. Kd5 Ne2 68. Nb2 Nc3+ 69. Ke5 Nb1 70. a4+ Kb4 71. d4 Nd2 72. d5 Nf3+ 73. Ke6 Nd4+ 74. Ke5 Nf3+ 75. Kd6 Nd4 76. Kc7 Kc5 77. d6 Ne6+ 78. Kd7 Kd5 79. Ke7 Nd4 80. d7 Nc6+ 81. Ke8 Ke6 82. d8N+ Kd6 83. Nxc6 Kxc6 84. Ke7 Kb6 85. Kd6 Ka6 86. Nc4 Ka7 87. Kc6 1-0

[Event "Budapest FS08 IM-B"]
[Site "Budapest"]
[Date "2001.08.04"]
[Round "1"]
[White "Schneider Zinner, Harald"]
[Black "Hoenig, Alexander"]
[Result "1-0"]
[WhiteElo "2329"]
[BlackElo "2263"]
[PlyCount "94"]
[EventDate "2001.08.04"]
[EventType "tourn"]
[EventRounds "11"]
[EventCountry "HUN"]
[EventCategory "1"]
[SourceTitle "CBM 083 Extra"]
[Source "ChessBase"]
[SourceDate "2001.09.11"]
[SourceVersion "1"]
[SourceVersionDate "2001.09.11"]
[SourceQuality "1"]

1. d4 Nf6 2. c4 e6 3. Nf3 d5 4. g3 c6 5. Bg2 Nbd7 6. 0-0 b5 7. b3 Ba6 8. Nbd2 Rc8 9. Bb2 c5 10. cxd5 exd5 11. a4 b4 12. Re1 Be7 13. e4 Nxe4 14. Nxe4 dxe4 15. Rxe4 Nf6 16. Re1 0-0 17. Ne5 Qc7 18. Nc6 Bd8 19. Rc1 c4 20. bxc4 Bb7 21. Ne5 Bxg2 22. Kxg2 Nd7 23. Nxd7 Qxd7 24. d5 Bb6 25. a5 Bc5 26. Rc2 Qa4 27. Qg4 g6 28. Rce2 Qxa5 29. h4 Qd8 30. h5 Rc7 31. f4 f5 32. Qf3 Re7 33. hxg6 hxg6 34. Rh1 Rxe2+ 35. Qxe2 Re8 36. Qd1 a5 37. Rh6 Qd6 38. Be5 Rxe5 39. fxe5 Qxe5 40. Rxg6+ Kf7 41. Re6 Qb2+ 42. Re2 Qf6 43. Qa4 b3 44. Qxb3 Qd4 45. Qb1 Kf6 46. Re6+ Kg7 47. Qb7+ Kg8 1-0

[Event "Oberliga NRW 0001 II"]
[Site "NRW"]
[Date "2001.04.22"]
[Round "8.7"]
[White "Hoenig, Alexander"]
[Black "Frey, Bernd Juergen"]
[Result "0-1"]
[WhiteElo "2261"]
[BlackElo "2171"]
[PlyCount "112"]
[EventDate "2000.09.24"]
[EventType "team"]
[EventRounds "9"]
[EventCountry "GER"]
[SourceTitle "EXT 2006"]
[Source "ChessBase"]
[SourceDate "2005.11.24"]
[SourceVersion "1"]
[SourceVersionDate "2005.11.24"]
[SourceQuality "1"]
[WhiteTeam "Duesseldorf"]
[BlackTeam "Koeln SF"]
[WhiteTeamCountry "GER"]
[BlackTeamCountry "GER"]

1. d4 g6 2. e4 d6 3. c4 Bg7 4. Nc3 Nc6 5. Be3 e5 6. d5 Nce7 7. Qd2 f5 8. f3 h5 9. c5 Bh6 10. Bxh6 Nxh6 11. cxd6 cxd6 12. Bb5+ Kf8 13. 0-0-0 Nf7 14. Kb1 a6 15. Bd3 b5 16. f4 b4 17. Nce2 Qb6 18. Nf3 Kg7 19. b3 a5 20. Rhe1 a4 21. Nc1 exf4 22. Qb2+ Kf8 23. Qf6 Ng8 24. Qh4 axb3 25. Nxb3 Qa7 26. Rd2 Ne7 27. Qxf4 g5 28. Nxg5 Ng6 29. Qg3 f4 30. Ne6+ Bxe6 31. Qxg6 Rh6 32. Qxh6+ Nxh6 33. dxe6 Ng4 34. Rf1 Qe3 35. Bc2 Ke7 36. Rfd1 Nf2 37. Nd4 Nxd1 38. Nf5+ Kxe6 39. Bb3+ Qxb3+ 40. axb3 Nc3+ 41. Kc2 Ra2+ 42. Kc1 Rxd2 43. Ng7+ Kf7 44. Kxd2 Kxg7 45. Kd3 Kf6 46. Kc4 Nxe4 47. Kxb4 Ke5 48. Kc4 d5+ 49. Kd3 Nc5+ 50. Kc2 Kd4 51. b4 Na4 52. Kb3 Nb6 53. h4 Kd3 54. b5 d4 55. Kb4 Nd5+ 56. Kc5 Ke4 0-1

[Event "Oberliga NRW 0001 II"]
[Site "NRW"]
[Date "2001.03.18"]
[Round "7.7"]
[White "Kouznetsova, Elena"]
[Black "Hoenig, Alexander"]
[Result "0-1"]
[WhiteElo "1934"]
[BlackElo "2261"]
[PlyCount "120"]
[EventDate "2000.09.24"]
[EventType "team"]
[EventRounds "9"]
[EventCountry "GER"]
[SourceTitle "EXT 2006"]
[Source "ChessBase"]
[SourceDate "2005.11.24"]
[SourceVersion "1"]
[SourceVersionDate "2005.11.24"]
[SourceQuality "1"]
[WhiteTeam "Bochum II"]
[BlackTeam "Duesseldorf"]
[WhiteTeamCountry "GER"]
[BlackTeamCountry "GER"]

1. e4 c6 2. d4 d5 3. exd5 cxd5 4. c4 Nf6 5. Nc3 e6 6. Nf3 Be7 7. cxd5 Nxd5 8. Bd3 Nc6 9. 0-0 0-0 10. a3 Nxc3 11. bxc3 b6 12. Be4 Bb7 13. Ne5 Na5 14. Bc2 Qc7 15. Qd3 f5 16. Re1 Bd5 17. Ba4 Bd6 18. Bf4 Rac8 19. Rec1 Nc4 20. Qg3 Rf6 21. Bb5 Bxe5 22. Bxe5 Nxe5 23. Qxe5 Qxe5 24. dxe5 Rf7 25. c4 Rfc7 26. Rc2 Rc5 27. Ba6 R8c7 28. Rac1 Be4 29. Rd2 Rxe5 30. Rd6 Kf7 31. Rcd1 Kf6 32. Bb5 Rec5 33. f3 Bc6 34. Re1 Bxb5 35. Rdxe6+ Kf7 36. cxb5 Rxb5 37. Kf2 Rb2+ 38. Kg3 Ra2 39. R1e3 f4+ 40. Kxf4 Rxg2 41. h3 g5+ 42. Kf5 Rc5+ 43. R6e5 Rxe5+ 44. Rxe5 Rg3 45. Ke4 h6 46. h4 g4 47. Rf5+ Kg7 48. fxg4 Rxg4+ 49. Kf3 Rxh4 50. Kg3 Ra4 51. Rf3 h5 52. Kg2 Kg6 53. Kh3 h4 54. Kg2 Kg5 55. Kg1 Kg4 56. Kg2 b5 57. Rb3 a6 58. Kh2 Rf4 59. Kg2 Kf5 60. Rc3 Ke5 0-1

[Event "Oberliga NRW 0001 II"]
[Site "NRW"]
[Date "2001.01.14"]
[Round "5.8"]
[White "Hoenig, Alexander"]
[Black "Weber, Franz Josef"]
[Result "1/2-1/2"]
[WhiteElo "2261"]
[BlackElo "2177"]
[PlyCount "34"]
[EventDate "2000.09.24"]
[EventType "team"]
[EventRounds "9"]
[EventCountry "GER"]
[SourceTitle "EXT 2006"]
[Source "ChessBase"]
[SourceDate "2005.11.24"]
[SourceVersion "1"]
[SourceVersionDate "2005.11.24"]
[SourceQuality "1"]
[WhiteTeam "Duesseldorf"]
[BlackTeam "Monheim"]
[WhiteTeamCountry "GER"]
[BlackTeamCountry "GER"]

1. d4 c5 2. d5 e6 3. c4 exd5 4. cxd5 Nf6 5. Nc3 Bd6 6. Nf3 0-0 7. a4 a6 8. g3 Re8 9. Bg2 Qe7 10. 0-0 Bc7 11. Nd2 d6 12. e4 Nbd7 13. f4 Rb8 14. a5 b5 15. axb6 Rxb6 16. b3 Rb8 17. Nc4 Rd8 1/2-1/2

[Event "Oberliga NRW 0001 II"]
[Site "NRW"]
[Date "2000.12.17"]
[Round "4.8"]
[White "Sarana Hungeling, Oksana"]
[Black "Hoenig, Alexander"]
[Result "1-0"]
[WhiteElo "2252"]
[BlackElo "2261"]
[PlyCount "79"]
[EventDate "2000.09.24"]
[EventType "team"]
[EventRounds "9"]
[EventCountry "GER"]
[SourceTitle "EXT 2006"]
[Source "ChessBase"]
[SourceDate "2005.11.24"]
[SourceVersion "1"]
[SourceVersionDate "2005.11.24"]
[SourceQuality "1"]
[WhiteTeam "Emsdetten Turm"]
[BlackTeam "Duesseldorf"]
[WhiteTeamCountry "GER"]
[BlackTeamCountry "GER"]

1. e4 c6 2. d4 d5 3. f3 e6 4. Be3 Nf6 5. Nc3 Be7 6. Qd2 0-0 7. Bd3 c5 8. exd5 cxd4 9. Bxd4 Nxd5 10. Nxd5 exd5 11. Ne2 Nc6 12. c3 Nxd4 13. Nxd4 Bh4+ 14. g3 Re8+ 15. Ne2 Bg5 16. f4 Bf6 17. 0-0-0 Qa5 18. Kb1 Bg4 19. Qc2 Bf3 20. Rhe1 Be4 21. Nd4 Bxd3 22. Qxd3 Qa4 23. Nb5 d4 24. Nxd4 a6 25. Qc2 Qc4 26. Nf3 b5 27. Qd3 Qxd3+ 28. Rxd3 Rxe1+ 29. Nxe1 Re8 30. Nf3 h5 31. Kc2 Re2+ 32. Rd2 Re3 33. Nd4 Kh7 34. Rd3 Re1 35. Nb3 Re6 36. Nc5 Rc6 37. Nd7 Kg6 38. Rd5 b4 39. Rc5 Rxc5 40. Nxc5 1-0

[Event "Budapest FS10 IM-A"]
[Site "Budapest"]
[Date "2000.10.17"]
[Round "11"]
[White "Hoenig, Alexander"]
[Black "Resika, Nathan A"]
[Result "0-1"]
[WhiteElo "2261"]
[BlackElo "2267"]
[PlyCount "54"]
[EventDate "2000.10.07"]
[EventType "tourn"]
[EventRounds "11"]
[EventCountry "HUN"]
[EventCategory "2"]
[SourceTitle "CBM 078 Extra"]
[Source "ChessBase"]
[SourceDate "2000.11.10"]
[SourceVersion "1"]
[SourceVersionDate "2000.11.10"]
[SourceQuality "1"]

1. d4 d6 2. e4 Nf6 3. f3 g6 4. c4 Bg7 5. Nc3 0-0 6. Be3 Nbd7 7. Qd2 c5 8. Nge2 a6 9. Rd1 Qa5 10. Nd5 Nxd5 11. Qxa5 Nxe3 12. Rc1 cxd4 13. Qd2 e5 14. Ng3 Bh6 15. Ra1 Bf4 16. Qf2 b5 17. cxb5 axb5 18. b4 Ra3 19. Bxb5 Rc3 20. Ne2 Nc2+ 21. Kf1 Nxa1 22. Nxc3 dxc3 23. Bd3 c2 24. Bxc2 Ba6+ 25. Ke1 Be3 26. Qh4 Nxc2+ 27. Kd1 Rc8 0-1

[Event "Budapest FS10 IM-A"]
[Site "Budapest"]
[Date "2000.10.13"]
[Round "7"]
[White "Hoenig, Alexander"]
[Black "Jamrich, Gyorgy"]
[Result "1-0"]
[WhiteElo "2261"]
[BlackElo "2225"]
[PlyCount "79"]
[EventDate "2000.10.07"]
[EventType "tourn"]
[EventRounds "11"]
[EventCountry "HUN"]
[EventCategory "2"]
[SourceTitle "CBM 078 Extra"]
[Source "ChessBase"]
[SourceDate "2000.11.10"]
[SourceVersion "1"]
[SourceVersionDate "2000.11.10"]
[SourceQuality "1"]

1. d4 Nf6 2. c4 e6 3. Nf3 d5 4. Nc3 dxc4 5. e3 a6 6. a4 c5 7. Bxc4 Nc6 8. 0-0 b6 9. d5 Na5 10. Ba2 exd5 11. Nxd5 Be6 12. e4 Be7 13. Nxf6+ gxf6 14. Bxe6 fxe6 15. Bd2 Nc6 16. Qb3 Qc8 17. Rad1 Rb8 18. e5 f5 19. Bg5 Rg8 20. Bxe7 Kxe7 21. Qe3 Rb7 22. Qh6 Ke8 23. Rd6 Re7 24. Rfd1 Rg6 25. Qh5 Kf8 26. Nh4 Rgg7 27. f4 Nd4 28. Nf3 Qa8 29. Kf2 Rg6 30. g3 Qxf3+ 31. Qxf3 Nxf3 32. Kxf3 Rb7 33. Rc6 b5 34. a5 Kf7 35. Rxc5 Rg8 36. Rd6 b4 37. Rxa6 Rd8 38. Rd6 Ra8 39. a6 Rbb8 40. Rc7+ 1-0

[Event "Budapest FS10 IM-A"]
[Site "Budapest"]
[Date "2000.10.11"]
[Round "5"]
[White "Hoenig, Alexander"]
[Black "Karaklajic, Nikola"]
[Result "1-0"]
[WhiteElo "2261"]
[BlackElo "2366"]
[PlyCount "111"]
[EventDate "2000.10.07"]
[EventType "tourn"]
[EventRounds "11"]
[EventCountry "HUN"]
[EventCategory "2"]
[SourceTitle "CBM 078 Extra"]
[Source "ChessBase"]
[SourceDate "2000.11.10"]
[SourceVersion "1"]
[SourceVersionDate "2000.11.10"]
[SourceQuality "1"]

1. d4 d5 2. Nf3 c5 3. c3 e6 4. Bf4 Nc6 5. e3 Nf6 6. Nbd2 cxd4 7. exd4 Bd6 8. Bxd6 Qxd6 9. Bd3 0-0 10. 0-0 Bd7 11. Qe2 Qf4 12. Rfe1 Rfc8 13. Ne5 Be8 14. g3 Qh6 15. f4 Rc7 16. Nf1 Nxe5 17. fxe5 Nd7 18. Ne3 f5 19. exf6 Nxf6 20. Ng4 Nxg4 21. Qxg4 Re7 22. Re5 Bf7 23. Rae1 Rf8 24. Qg5 Qxg5 25. Rxg5 Rd8 26. Rge5 Rc7 27. h4 Rd6 28. R1e2 a5 29. Kf2 Rb6 30. Ke1 Rcc6 31. Kd1 Rd6 32. Rf2 Rd8 33. Kc1 Rf8 34. h5 g6 35. h6 Be8 36. Rxf8+ Kxf8 37. g4 Ke7 38. g5 Rd6 39. Kd2 Rd8 40. Ke3 Bd7 41. c4 dxc4 42. Bxc4 b6 43. d5 Kd6 44. Kd4 exd5 45. Rxd5+ Kc7 46. Ke5 Rf8 47. Bd3 Rf2 48. a3 Rf3 49. Rd4 Bh3 50. Bxg6 hxg6 51. Rh4 Rf5+ 52. Kd4 Kd6 53. h7 Rf8 54. h8Q Rxh8 55. Rxh8 Be6 56. Rf8 1-0